000 00744 a2200193 4500
003 NUST
005 20251111181927.0
040 _cNust
082 _a621.382,SAL
100 _aSalman, PC Muhammad (TCC-10)
_9131814
245 _aReal time processing of ADSL modem /
_cPC Muhammad Salman, NC Muhammad Sohail Khan, PC Sajid Ali Khan, PC Aamir Mahmood and PC Fahad Noor.
260 _aRawalpindi
_bMCS (NUST)
_c2002
300 _aviii, 91 p.;
505 _aBroadband Technologies (Page-1), Orthogonal Frequency Division Multiplexing (Page-19), System Design (Page-32).
650 _aUG Projects
_998716
651 _aTCC-10
_9131808
700 _aSupervised by Maj (R) Fazal Ahmed and External DS: Dr. Ismail Shah
_9131815
942 _cPR
_2ddc
999 _c181452
_d181452